000 00549nam a2200205Ii 4500
003 JO-AjNU
008 230606s9999||||xx |||||||||||||| ||und||
020 _a81-203-2896
040 _aJO-AjNU
_beng
_erda
_cJO-AjNU
041 _aeng
050 1 4 _aQ76.73.2006
100 3 _aSomashekara,m.t,
_eauthor
_9319
245 0 0 _aProgramming in c
264 3 1 _aNEW DELHI:khanna Book,2006
300 _a308p
336 _atext
_btxt
_2rdacontent
337 _aunmediated
_bn
_2rdamedia
338 _avolume
_bnc
_2rdacarrier
650 4 _aProgramming in c
_9320
999 _aE168
_c168
_d168